| 000 | 00688nam a2200253 a 4500 | ||
|---|---|---|---|
| 001 | |||
| 003 | DO-SdBNP | ||
| 005 | 20250130111043.0 | ||
| 008 | 110923s2002 mx ab 000 0 spa d | ||
| 020 | _a9700512150 | ||
| 040 |
_aDO-SdBNP _bspa _cBPMSU |
||
| 082 |
_a909 _bB868e 2002 _222 |
||
| 100 | 1 | _aBrom, Juan | |
| 245 | 1 | 0 |
_aEsbozo de historia universal / _cJuan Brom. |
| 250 | _a10a ed. | ||
| 260 |
_aMéxico : _bGrijalbo, _c2002 |
||
| 300 |
_a317 p. ; _c21 cm. |
||
| 504 | _aBibliografĂa : p.307-317 | ||
| 590 | _6Inventariado, 2022/VM | ||
| 650 | 4 | _aHistoria universal. | |
| 830 | 0 | _aTratados y manuales | |
| 910 | _aVMateo V. Control de calidad BPMSU | ||
| 942 |
_2ddc _cBK |
||
| 999 |
_c14047 _d14047 |
||